000 00477nam a2200181Ia 4500
001 947
005 20260306140555.0
008 260306t1999||||xx |||||||||||||| ||spa||
041 _aESP
082 _a174.4
_bM41A
100 _aMelé Carné, Doménec
_eAUT
245 0 _aÉtica en la actividad financiera:
_bVI coloquio de ética empresarial y económica
260 _c1999
300 _a255 páginas :
_c23 cm.
650 _aGEN
654 _aCHU
942 _cLIB
_dJUS
_fJUS
_2ddc
_n
999 _c947
_d947